00286pab a2200121 454500008004000000100001700040245002800057260000900085300001000094362000900104650001900113773003200132180718b1983 xxu||||| |||| 00| 0 eng d aJones, Peter aThe housing corporation c1983 a19-21 aDec. aHousing - U.K. aHousing and Planning Review